000 00437nam a2200145Ia 4500
008 090124s9999 xx 000 0 und d
082 _b402526
245 _a कविता इसापनीतीची
250 _a1
260 _bदोडे अरविंद
_c1990
300 _a56
630 _a कविता इसापनीतीची
730 _a कविता इसापनीतीची
942 _cBOOK
999 _c198986
_d198986